[Event "Zaragoza op 11th"]
[Site "Zaragoza"]
[Date "1999.??.??"]
[Round "5"]
[White "Campos Moreno, Javier B"]
[Black "Avila Jimenez, Javier"]
[Result "1/2-1/2"]
[WhiteElo "2490"]
[BlackElo "2150"]

1.d4 d5 2.c4 dxc4 3.Nf3 Nf6 4.Nc3 c6 5.a4 Bf5 6.e3 e6 7.Bxc4 Bb4 8.O-O O-O
9.Qe2 Bg6 10.e4 Bxc3 11.bxc3 Nxe4 12.Ba3 Re8 13.Qb2 Qb6 14.Bb3 Nd7 15.Nh4 Nd2
16.Qxd2 Qxb3 17.Nxg6 hxg6 18.Rfb1 Qxa4 19.Bd6 Qc4 20.Rxb7 Nf6 21.Qf4 Qxc3
22.Rc1 Qd3 23.h3 Qe4 24.Qxe4 Nxe4 25.Be5 Rec8  1/2-1/2

[Event "Zaragoza op 11th"]
[Site "Zaragoza"]
[Date "1999.??.??"]
[Round "7"]
[White "Mowsziszian, Karen"]
[Black "Garcia Ares, Felix"]
[Result "1-0"]
[WhiteElo "2500"]
[BlackElo "2240"]

1.d4 d5 2.c4 c6 3.Nf3 Nf6 4.Nc3 dxc4 5.a4 Bf5 6.e3 e6 7.Bxc4 Nbd7 8.O-O Bb4
9.Qe2 Ne4 10.Na2 Bd6 11.Nd2 Qc7 12.g3 O-O 13.Nxe4 Bxe4 14.Nc3 Bg6 15.f4 h6
16.e4 Rae8 17.Be3 Kh7 18.g4 f5 19.gxf5 exf5 20.e5 Bb4 21.Na2 Be7 22.a5 c5
23.d5 Nxe5 24.fxe5 Qxe5 25.Qf2 f4 26.Bxf4 Qe4 27.Bb5 Bf6 28.Nc3 Qb4 29.Ra4 Bd4
30.Qxd4 Qxb2 31.Qd2  1-0

[Event "Morava-ch U15"]
[Site "Zlin"]
[Date "1999.??.??"]
[Round "5"]
[White "Kulistak, Milan"]
[Black "Bacak, Martin"]
[Result "0-1"]
[WhiteElo "1665"]
[BlackElo "1775"]

1.d4 d5 2.c4 c6 3.Nf3 Nf6 4.Nc3 dxc4 5.a4 Bf5 6.e3 Nbd7 7.Bxc4 e6 8.O-O Be7
9.Qe2 O-O 10.Rd1 Qc7 11.h3 h6 12.e4 Bh7 13.d5 cxd5 14.exd5 Nb6 15.Bb3 Nfxd5
16.Bxd5 Nxd5 17.Nxd5 exd5 18.Rxd5 Bf6 19.Be3 Rfe8 20.Rad1 Re6 21.Nd4 Bxd4  0-1

[Event "107th ch-NZL"]
[Site "Auckland NZL"]
[Date "2000.01.08"]
[Round "11"]
[White "Bjelobrk,I"]
[Black "Gibbons,R"]
[Result "1/2-1/2"]
[WhiteElo "2112"]
[BlackElo "2200"]

1.d4 d5 2.c4 c6 3.Nc3 Nf6 4.Nf3 dxc4 5.a4 Bf5 6.e3 e6 7.Bxc4 Bb4 8.O-O O-O
9.Qe2 Ne4 10.Nxe4 Bxe4 11.Ne5 Qe7 12.f3 Bd5 13.e4 Bxc4 14.Qxc4 a5 15.Be3 Nd7
16.Nd3 Bd6 17.Rfd1 Rfd8 18.Rac1 Qh4 19.f4 Qh5 20.Nc5 Nxc5 21.dxc5 Bc7 22.Qb3 Qe2
23.Re1 Qa6 24.f5 Rd3 25.Qc2 exf5 26.exf5 Be5 27.Rcd1 Rad8 28.Bf4 Rxd1 29.Rxd1 Rxd1+
30.Qxd1 Bf6 31.Qd7 Qa8 32.b3 Qd8 33.Qxd8+ Bxd8 34.Kf2 g6 35.Ke3 gxf5 36.Bb8 Kg7
37.Kd4 Kf6 38.Ba7 Ke6 39.Kc4 Bc7 40.h3 Bg3 41.Bb6 Be1 42.Bc7 f4 43.Bxf4 Kf5
44.Bh6 Ke4 45.g4 Bg3 46.Bd2 Bc7 47.Be1 f5 48.gxf5 Kxf5 49.Kd4 Kf4 50.Bh4 h5
51.Be7 Be5+ 52.Kd3 Bb2 53.Bd8 Ba3 54.Bxa5 Bxc5 55.Be1 Bd6 56.Kc4 Kf3 57.b4 Kg2
58.h4 Bg3 59.Bxg3 Kxg3 60.b5 cxb5+ 61.Kxb5 Kxh4 62.Kb6 Kg3 63.Kxb7 h4  1/2-1/2

[Event "VII Anibal Open"]
[Site "Linares ESP"]
[Date "2000.01.11"]
[Round "5"]
[White "Hauchard,A"]
[Black "Guerra Bastida,D"]
[Result "1-0"]
[WhiteElo "2518"]
[BlackElo "2273"]

1.d4 d5 2.c4 c6 3.Nc3 Nf6 4.Nf3 dxc4 5.a4 Bf5 6.Nh4 Bc8 7.e3 e5 8.Bxc4 exd4
9.exd4 Bd6 10.O-O O-O 11.h3 Nbd7 12.Ba2 Nb6 13.Nf3 Nbd5 14.Bg5 h6 15.Bh4 Be6
16.Nxd5 cxd5 17.Ne5 g5 18.Bg3 Ne4 19.Bh2 f6 20.f3 fxe5 21.fxe4 Rxf1+ 22.Qxf1 Qb6
23.Qf6 Bf7 24.Rf1 Be8 25.Bxd5+ Kh7 26.Bxe5 Bxe5 27.Qxe5 Kg6 28.Qf5+ Kg7 29.Qf8+ Kg6
30.Bf7+  1-0

[Event "Troll Masters"]
[Site "Gausdal NOR"]
[Date "2000.01.13"]
[Round "6"]
[White "Leskiewicz,M"]
[Black "Hersvik,D"]
[Result "1-0"]
[WhiteElo "2206"]
[BlackElo "2165"]

1.d4 d5 2.Nf3 Nf6 3.c4 c6 4.Nc3 dxc4 5.a4 Bf5 6.e3 e6 7.Bxc4 Bb4 8.O-O Nbd7
9.Qe2 Bg6 10.e4 Bxc3 11.bxc3 Nxe4 12.Ba3 Qc7 13.Rfe1 Nb6 14.Bxe6 fxe6 15.Nd2 Ng5
16.Qg4 O-O-O 17.Qxg5 Bf5 18.Nf3 Nd5 19.c4 Nf6 20.d5 Ne4 21.Qe3 exd5 22.cxd5 Rxd5
23.Nd4 Nd6 24.Bxd6 Qxd6 25.Nxf5 Rxf5 26.Qxa7 Rd8 27.Rab1 Rf7 28.Rec1 Qc7
29.a5 Rd6 30.a6 b5 31.Qa8+ Kd7 32.Rxb5 cxb5 33.Rxc7+ Kxc7 34.g3 Rd1+ 35.Kg2 Kb6
36.Qe8 Rdd7 37.Qc8 Rfe7 38.h4 Rc7 39.Qa8 Ra7 40.Qc8 Rec7 41.Qe6+ Rc6 42.Qe3+ Kxa6
43.Qe4 Rac7 44.Qxh7 b4 45.h5 Ka5 46.Qg8 Rc4 47.Qa8+ Kb5 48.Qe8+ R4c6 49.Qe2+ Rc4
50.Qe8+ Kc5 51.Qe3+ Kc6 52.Qe8+ Kd5 53.Qd8+ Ke4 54.Qd2 Ke5 55.Kh3 Rd4 56.Qg5+ Kd6
57.h6 gxh6 58.Qf6+  1-0

[Event "VII Anibal Open"]
[Site "Linares ESP"]
[Date "2000.01.13"]
[Round "7"]
[White "Turov,M"]
[Black "Vokarev,S"]
[Result "1/2-1/2"]
[WhiteElo "2529"]
[BlackElo "2469"]

1.d4 d5 2.c4 c6 3.Nf3 Nf6 4.Nc3 dxc4 5.a4 Bf5 6.Nh4 e6 7.Nxf5 exf5 8.e3 Bb4
9.Bxc4 Kf8 10.O-O Nbd7 11.Qb3 a5 12.Na2 Bd6 13.g3 Nb6 14.Be2 h5 15.Bd2  1/2-1/2

[Event "Extraliga CZE"]
[Site "Ostrava CZE"]
[Date "2000.01.15"]
[Round "6"]
[White "Kupka,S"]
[Black "Pacovsky,J"]
[Result "1/2-1/2"]
[WhiteElo "2326"]
[BlackElo "2350"]

1.d4 d5 2.Nf3 Nf6 3.c4 c6 4.Nc3 dxc4 5.a4 Bf5 6.e3 e6 7.Bxc4 Bb4 8.O-O Nbd7
9.Qe2 Bg6 10.Rd1 O-O 11.Bd3 Bxd3 12.Rxd3 Qa5 13.e4 e5  1/2-1/2

[Event "ch-CRO"]
[Site "Pula CRO"]
[Date "2000.01.15"]
[Round "9"]
[White "Zaja,I"]
[Black "Rogic,D"]
[Result "1-0"]
[WhiteElo "2446"]
[BlackElo "2505"]

1.d4 d5 2.c4 c6 3.Nf3 Nf6 4.Nc3 dxc4 5.a4 Bf5 6.Nh4 e6 7.Nxf5 exf5 8.e3 Bb4
9.Bxc4 O-O 10.O-O Nbd7 11.Qc2 g6 12.f3 Nb6 13.Bb3 a5 14.Qf2 c5 15.Na2 c4
16.Bc2 Qd6 17.Nc3 Rfe8 18.Nb5 Qd7 19.Bd2 Re6 20.Rad1 Nbd5 21.Nc3 Bf8 22.Nxd5 Nxd5
23.e4 fxe4 24.fxe4 Rf6 25.Qe2 Rxf1+ 26.Rxf1 Nb4 27.Bc3 Bg7 28.Rd1 Re8 29.d5 Bxc3
30.bxc3 Nxc2 31.Qxc2 Re5 32.h3 Qd6 33.Rd4 f5 34.exf5 Rxf5 35.Qe2 Kg7 36.Qxc4 Qg3
37.Rd1 Re5 38.Qd4 Kf7 39.Rf1+ Ke8 40.Qc4 Kd8 41.d6 Qe3+ 42.Kh1 Rc5 43.Qg8+ Kd7
44.Qf7+ Kc6 45.Qc7+  1-0

[Event "Troll Masters"]
[Site "Gausdal NOR"]
[Date "2000.01.16"]
[Round "9"]
[White "Johannessen,LE"]
[Black "Rausis,I"]
[Result "0-1"]
[WhiteElo "2356"]
[BlackElo "2496"]

1.d4 d5 2.c4 c6 3.Nf3 Nf6 4.Nc3 dxc4 5.a4 Bf5 6.e3 e6 7.Bxc4 Bb4 8.O-O O-O
9.Nh4 Nbd7 10.Nxf5 exf5 11.Qc2 g6 12.f3 Rc8 13.Qf2 c5 14.Ba2 Qa5 15.Bd2 f4
16.Kh1 fxe3 17.Bxe3 c4 18.Ne4 Rfe8 19.Rfc1 Qd5 20.Qf1 Nxe4 21.fxe4 Qxe4 22.Rxc4 Rxc4
23.Qxc4 Qxe3 24.Qxb4 Nf6 25.Rf1 Re7 26.Qc4 Kg7 27.Rf3 Qe2 28.Qc1 Qxb2  0-1

[Event "Caissa Open"]
[Site "Kharkov UKR"]
[Date "2000.01.27"]
[Round "1"]
[White "Simantsev,M"]
[Black "Maratkanov,E"]
[Result "1-0"]
[WhiteElo "2447"]
[BlackElo "2140"]

1.d4 d5 2.c4 c6 3.Nc3 Nf6 4.Nf3 dxc4 5.a4 Bf5 6.Ne5 Na6 7.f3 c5 8.d5 e6 9.e4 exd5
10.exf5 Qe7 11.f4 Nb4 12.Be2 O-O-O 13.O-O Kb8 14.Bf3 a6 15.Rf2 Qc7 16.Rd2 d4
17.Nxc4 Qxf4 18.Rf2 Qxf5 19.Be4 Qe6 20.Bf4+ Ka8 21.Nb5 Qxc4 22.b3 Qxb5 23.axb5 Nxe4
24.bxa6 bxa6 25.Qe2  1-0

[Event "Renome 2000"]
[Site "Bjeljina YUG"]
[Date "2000.01.29"]
[Round "4"]
[White "Genov,Peta"]
[Black "Stojanovic,Da"]
[Result "1-0"]
[WhiteElo "2413"]
[BlackElo "2249"]

1.d4 d5 2.Nf3 Nf6 3.c4 dxc4 4.Nc3 c6 5.a4 Bf5 6.Ne5 Nbd7 7.Nxc4 Qc7 8.g3 e5
9.dxe5 Nxe5 10.Bf4 Nfd7 11.Bg2 f6 12.O-O Be7 13.Rc1 Nc5 14.Ne3 Rd8 15.Ncd5 Qc8
16.Nxe7 Kxe7 17.Qe1 Na6 18.Bxe5 fxe5 19.Qa5 Be6 20.Qxe5 Kf7 21.Qf4+ Ke7 22.b4 Qb8
23.Qh4+ Kf7 24.b5  1-0

[Event "BCX Open"]
[Site "Brasilia BRA"]
[Date "2000.01.30"]
[Round "7"]
[White "Vescovi,G"]
[Black "Benares,R"]
[Result "1-0"]
[WhiteElo "2511"]
[BlackElo "2236"]

1.d4 d5 2.c4 c6 3.Nf3 Nf6 4.Nc3 dxc4 5.a4 Bf5 6.e3 e6 7.Bxc4 Bb4 8.O-O O-O
9.Qe2 Bg6 10.Na2 Be7 11.b3 Nbd7 12.Bb2 Nb6 13.Ne5 Nxc4 14.Qxc4 Qd5 15.Rac1 Bd6
16.Nc3 Qxc4 17.Nxc4 Bb4 18.Na2 Nd5 19.Nxb4 Nxb4 20.Ba3 Nd3 21.Bxf8 Nxc1 22.Rxc1 Kxf8
23.Nd6 Rb8 24.e4 Rd8 25.e5 Rxd6 26.exd6 Be4 27.Rc3 Ke8 28.Rg3 g6 29.Rh3 h5
30.f3 Bf5 31.Rh4 Kd7 32.g4 hxg4 33.fxg4 Bc2 34.Rh7 Kxd6 35.Rxf7 Bxb3 36.a5  1-0

[Event "Extraliga CZE"]
[Site "Ostrava CZE"]
[Date "2000.02.05"]
[Round "8"]
[White "Haba,P"]
[Black "Meduna,E"]
[Result "1/2-1/2"]
[WhiteElo "2544"]
[BlackElo "2502"]

1.d4 d5 2.c4 c6 3.Nf3 Nf6 4.Nc3 dxc4 5.a4 Bf5 6.Ne5 Nbd7 7.Nxc4 Nb6 8.Ne5 e6
9.f3 Nfd7 10.Nxd7 Nxd7 11.e4 Bg6 12.a5 Bd6 13.Be3 O-O 14.Be2 Qc7 15.e5 Bb4
16.Qa4 c5 17.f4 a6 18.O-O b5 19.axb6 Nxb6 20.Qb3 cxd4 21.Bxd4 Bc5 22.Bxc5 Qxc5+
23.Kh1 Rab8 24.Qa3 Qxa3 25.Rxa3 Nd7 26.Rxa6  1/2-1/2

[Event "2nd Novak Nikolic mem"]
[Site "Belgrade YUG"]
[Date "2000.02.08"]
[Round "6"]
[White "Zontakh,A"]
[Black "Zhukova,N"]
[Result "1-0"]
[WhiteElo "2576"]
[BlackElo "2471"]

1.d4 d5 2.c4 c6 3.Nf3 Nf6 4.Nc3 dxc4 5.a4 Bf5 6.Ne5 Nbd7 7.Nxc4 Qc7 8.g3 e5
9.dxe5 Nxe5 10.Bf4 Nfd7 11.Bg2 f6 12.O-O Nc5 13.Ne3 Bg6 14.b4 Ne6 15.b5 Rd8
16.Qb3 Bf7 17.Bxe5 fxe5 18.bxc6 bxc6 19.Rab1 Nc5 20.Qb4 Nb3 21.Qe4 Nd4 22.Nf5 Bg6
23.g4 Rc8 24.Rfc1 Bc5 25.Rb7 Qxb7 26.Qxe5+ Ne6 27.Qxe6+ Kf8 28.Ne4 Re8 29.Nxc5 Rxe6
30.Nxb7 Rxe2 31.Bxc6 Bxf5 32.gxf5 Ke7 33.Bb5 Ra2 34.Rc6 Rb8 35.Nc5 Rd8 36.Ne4 Rd4
37.Re6+ Kd8 38.f6 gxf6 39.Nxf6 h6 40.Kg2  1-0

[Event "Petroff Mem Open"]
[Site "St Petersburg RUS"]
[Date "2000.02.12"]
[Round "5"]
[White "Lugovoi,A"]
[Black "Kovalevskaya,E"]
[Result "1/2-1/2"]
[WhiteElo "2515"]
[BlackElo "2451"]

1.d4 d5 2.c4 c6 3.Nf3 Nf6 4.Nc3 dxc4 5.a4 Bf5 6.e3 e6 7.Bxc4 Bb4 8.O-O Nbd7
9.Qe2 Bg4 10.Rd1 Qa5 11.e4 Qh5 12.Rd3 e5 13.h3 Bxf3 14.Rxf3 exd4 15.g4 Qc5
16.Rf5 Qe7 17.g5 dxc3 18.gxf6 gxf6 19.bxc3 Bd6 20.Rb1 Nc5 21.Ba3 Rg8+ 22.Kh1 Qxe4+
23.Qxe4+ Nxe4 24.Rxb7 O-O-O 25.Ba6 Bxa3 26.Re7+ Kb8 27.Rxe4 Rd1+ 28.Kh2 Rdg1
29.Re8+  1/2-1/2

[Event "Open"]
[Site "Bunratty IRL"]
[Date "2000.02.13"]
[Round "5"]
[White "McMahon,D"]
[Black "McCarthy,Ji"]
[Result "1-0"]
[WhiteElo "2238"]
[BlackElo "2147"]

1.d4 d5 2.c4 c6 3.Nf3 Nf6 4.Nc3 dxc4 5.a4 Bf5 6.e3 e6 7.Bxc4 Bb4 8.O-O Nbd7
9.Qe2 Bg6 10.e4 Bxc3 11.bxc3 Nxe4 12.Ba3 Qc7 13.Qe3 Nb6 14.Ne5 O-O-O 15.Rfc1 Kb8
16.Bf1 Nd5 17.Qe1 f6 18.Nc4 e5 19.a5 Rhe8 20.dxe5 fxe5 21.Ra2 Nef6 22.Rb2 Ka8
23.Bc5 e4 24.g3 e3 25.fxe3 Ne4 26.Bb6 Nxb6 27.axb6 axb6 28.Nxb6+ Kb8 29.Nc4 Nc5
30.Ra1 Qe7 31.Na5 Kc7 32.Nxb7 Nxb7 33.Ra7 Qxe3+ 34.Qxe3 Rxe3 35.Raxb7+ Kd6
36.Rd2+ Bd3 37.Rxd3+  1-0

[Event "Petroff Mem Open"]
[Site "St Petersburg RUS"]
[Date "2000.02.13"]
[Round "6"]
[White "Pavlov,Al"]
[Black "Cistjakova,E"]
[Result "1-0"]
[WhiteElo "2311"]
[BlackElo "2069"]

1.d4 d5 2.c4 c6 3.Nf3 Nf6 4.Nc3 dxc4 5.a4 Bf5 6.Ne5 Nbd7 7.Nxc4 Qc7 8.g3 e5
9.dxe5 Nxe5 10.Bf4 Nfd7 11.Bg2 Be6 12.Nxe5 Nxe5 13.Qd4 f6 14.O-O Be7 15.Ne4 Bd5
16.Rac1 Bxe4 17.Bxe4 O-O 18.Bb1 Rfd8 19.Qe4 g6 20.h4 Bd6 21.h5 f5 22.Qc2 Nf7
23.Qc4 Bxf4 24.gxf4 Qe7 25.Rc3 Qf6 26.hxg6 hxg6 27.Ba2 Kg7 28.Qb3 Rd7 29.Rh3 Rh8
30.Rxh8 Kxh8 31.Kg2 Kg7 32.Rh1 Qd4 33.e3 Qe4+ 34.f3 Qe7 35.Kg3 Qf6 36.Qc2 Nh6
37.Rh2 Rd8 38.Qc1 Rh8 39.Qc4 Rd8 40.Qc1 Rh8 41.e4 Nf7 42.Rxh8 Kxh8 43.Qc5 Kg7
44.e5 Qd8 45.e6 Nd6 46.Qe5+ Kh7 47.e7 Qb6 48.Qxd6 Qg1+ 49.Kh4  1-0

[Event "8th Valle d'Aosta Open"]
[Site "Saint Vincent ITA"]
[Date "2000.02.19"]
[Round "8"]
[White "Richter,Mi"]
[Black "Franco Ocampos,Z"]
[Result "1/2-1/2"]
[WhiteElo "2402"]
[BlackElo "2511"]

1.d4 d5 2.c4 c6 3.Nf3 Nf6 4.Nc3 dxc4 5.a4 Bf5 6.e3 e6 7.Bxc4 Bb4 8.O-O Bg6
9.Ne5 Nbd7 10.Nxg6 hxg6 11.h3 O-O 12.Qc2 a5 13.Rd1 Qe7 14.Bd2 Rfd8 15.Ba2 Rac8
16.Rac1 c5 17.d5 c4 18.dxe6 Qxe6 19.Nb5 Ne5 20.Bc3 Nd3 21.Bxb4 Nxc1 22.Rxd8+ Rxd8
23.Bxa5 b6 24.Bxb6 Qxb6 25.Qxc1 Qa5 26.Nd4 Qxa4 27.Qxc4 Qxc4 28.Bxc4 Rc8
29.b3 Ne4 30.f3 Nd6 31.Bd5 Nf5 32.Nxf5 gxf5 33.Bc4 Kf8 34.Kf2 Ke7 35.g4 fxg4
36.hxg4 f6 37.f4 Kd6 38.Kf3 Kc5 39.Ke4 Re8+ 40.Kf5 Rxe3 41.g5  1/2-1/2

[Event "Open"]
[Site "Cannes FRA"]
[Date "2000.02.22"]
[Round "3"]
[White "Peyrin,J"]
[Black "Lamorelle,J"]
[Result "0-1"]
[WhiteElo "2073"]
[BlackElo "2192"]

1.d4 d5 2.c4 c6 3.Nf3 Nf6 4.Nc3 dxc4 5.a4 Bf5 6.Ne5 e6 7.f3 Bb4 8.Bg5 h6
9.Bh4 c5 10.dxc5 Qa5 11.Nxc4 Bxc3+ 12.bxc3 Qxc3+ 13.Nd2 Nc6 14.Qc1 Qa5 15.Bxf6 gxf6
16.e4 Bh7 17.Bb5 Rd8 18.Ra3 Rg8 19.g3 Ke7 20.Qc3 Qxc3 21.Rxc3 Nd4 22.Nb3 Nxf3+
23.Rxf3 Bxe4 24.O-O Bxf3 25.Rxf3 b6 26.c6 f5 27.Rc3 Rd1+ 28.Kf2 Kd6 29.Ke2 Rd5
30.Ke3 Kc7 31.Rc4 e5 32.Rh4 Rd6 33.Rc4 a6 34.Bxa6 Rxc6 35.Rxc6+ Kxc6 36.Bc4 Rg7
37.Bd3 Rg5 38.Bc4 f6 39.Be6 Kd6 40.Bc4 Rh5 41.h4 f4+ 42.Kf3 fxg3 43.Kxg3 Rf5
44.Bb5 Rf4 45.Nc1 f5 46.Nd3 Rg4+ 47.Kh3 Rg7 48.Nb2 e4 49.Nc4+ Kc5 50.Ne5 e3
51.h5 Re7 52.Nd3+ Kd4 53.Nf4 Ke4 54.Ng6 Rc7 55.Kg3 Rc1 56.Nf4 Rg1+ 57.Kh2 Rg5
58.Ne6 Rxh5+ 59.Kg2 Rh4 60.Be2 Ke5 61.Nf8 Rxa4 62.Kf3 Ra7 63.Ng6+ Kd4 64.Nh4 Rf7
65.Kf4 Kc3 66.Kxe3 Re7+ 67.Kf2 Re4 68.Ng6 Kd2 69.Bf3 Re6 70.Nf4 Re5 71.Ng6 Rc5
72.Nf4 b5 73.Nd5 Kd3 74.Be2+  0-1

[Event "Open"]
[Site "Cannes FRA"]
[Date "2000.02.25"]
[Round "6"]
[White "Horber,JM"]
[Black "Nobili,D"]
[Result "1/2-1/2"]
[WhiteElo "2105"]
[BlackElo "2048"]

1.d4 d5 2.c4 c6 3.Nf3 Nf6 4.Nc3 dxc4 5.a4 Bf5 6.e3 e6 7.Bxc4 Bb4 8.O-O Nbd7
9.Qe2 Bg6 10.Rd1 O-O 11.Bd2 Qe7 12.Bd3 Bxd3 13.Qxd3 Rad8 14.Ne4 Bxd2 15.Nxf6+ Nxf6
16.Rxd2 a5 17.Qc2 Nd5 18.Rc1 Nb4 19.Qc5 Qxc5 20.Rxc5 Rd5 21.Rc1  1/2-1/2

[Event "Caissa Open"]
[Site "Kharkov UKR"]
[Date "2000.02.29"]
[Round "4"]
[White "Kolpakchi,V"]
[Black "Maratkanov,E"]
[Result "1-0"]
[WhiteElo "2285"]
[BlackElo "2140"]

1.d4 d5 2.c4 c6 3.Nf3 Nf6 4.Nc3 dxc4 5.a4 Bf5 6.e3 e6 7.a5 Bb4 8.Qa4 Qe7
9.Bxc4 O-O 10.O-O Rd8 11.Ne5 Bd6 12.Qb3 c5 13.Nb5 cxd4 14.exd4 a6 15.Nxd6 Rxd6
16.Bg5 Rxd4 17.Rad1 Rxd1 18.Rxd1 Nc6 19.Nxc6 bxc6 20.Qb6 h6 21.Bxf6 Qxf6
22.Bxa6 Qe5 23.Ra1 Be4 24.Re1 Rb8 25.Rxe4 Rxb6 26.Rxe5 Rxa6 27.Kf1 Kf8 28.Ke2 Ke7
29.b4 Kd6 30.Rc5 Ra8 31.Kd3 Ra6 32.Kc4 Ra7 33.Kb3 Ra8 34.Rc2 Rb8 35.Kc4 Kc7
36.Ra2 Kb7 37.Kc5 Ka6 38.Rd2 Rb5+ 39.Kc4 Rd5 40.Rxd5 exd5+ 41.Kc5 Kb7 42.f4 g6
43.g4 Ka6 44.Kxc6  1-0

[Event "Caissa Open"]
[Site "Kharkov UKR"]
[Date "2000.03.01"]
[Round "8"]
[White "Poluektov,Y"]
[Black "Romashko,A"]
[Result "1-0"]
[WhiteElo "2257"]
[BlackElo "2035"]

1.d4 d5 2.c4 c6 3.Nf3 Nf6 4.Nc3 dxc4 5.a4 Bf5 6.e3 e6 7.Bxc4 Bb4 8.O-O O-O
9.Bd2 c5 10.Ne2 Bxd2 11.Qxd2 Ne4 12.Qd1 Nc6 13.dxc5 Nxc5 14.Nfd4 Nxd4 15.Nxd4 Bg6
16.b4 Ne4 17.Rc1 Qg5 18.f4 Qe7 19.g4 e5 20.Nf3 exf4 21.exf4 h5 22.f5 Bh7
23.h3 Qxb4 24.Qd4 Qb6 25.Qxb6 axb6 26.Rfe1 hxg4 27.hxg4 Nd6 28.Bb3 Rac8 29.Ng5 Rc5
30.Red1 Rxc1 31.Rxc1 g6 32.f6 Ne8 33.Rc8 Nxf6 34.Bxf7+ Kg7 35.Ne6+ Kxf7 36.Nxf8 Bg8
37.g5 Ne4 38.Nd7 Nxg5 39.Nxb6 Ne6 40.Rb8 Nc5 41.a5 g5 42.Rxb7+ Kf6 43.Nd7+ Nxd7
44.Rxd7 Bc4 45.a6 Ke6 46.Rb7 Bd5  1-0

[Event "33rd 8th March Women's It"]
[Site "Belgrade YUG"]
[Date "2000.03.04"]
[Round "2"]
[White "Matveeva,S"]
[Black "Velcheva,M"]
[Result "1-0"]
[WhiteElo "2414"]
[BlackElo "2364"]

1.d4 d5 2.c4 c6 3.Nf3 Nf6 4.Nc3 dxc4 5.a4 Bf5 6.Nh4 Bc8 7.e3 e5 8.Bxc4 exd4
9.exd4 Be7 10.O-O O-O 11.Re1 Na6 12.Bg5 Nc7 13.Qb3 Nfd5 14.Bxe7 Nxe7 15.Nf3 Ncd5
16.Bxd5 Nxd5 17.Nxd5 Qxd5 18.Qxd5 cxd5 19.Re7 f6 20.Rc1 Rf7 21.Rxf7 Kxf7
22.Rc7+ Kf8 23.Nd2 b6 24.Nb1 Ba6 25.Nc3 Bc4 26.g4 h6 27.Kg2 Bb3 28.Kg3 Bc4
29.h4 Kg8 30.Nd1 g6 31.Nc3 h5 32.gxh5 gxh5 33.Kf4 a6 34.Rd7 Re8 35.f3 Re1
36.Nxd5 Bxd5 37.Rxd5 Rb1 38.Rd6 Rxb2 39.Rxf6 Kg7 40.Rc6 b5 41.Rxa6 Rb4 42.Ke4 bxa4
43.f4 Kf7 44.Ke5 Rb5+ 45.d5 Rb4 46.Ra7+ Ke8 47.d6 Rc4 48.f5 Rxh4 49.f6 Rh1
50.Re7+ Kf8 51.d7 Re1+ 52.Kf5 Rf1+ 53.Kg5  1-0

[Event "Oz.com qualifier blitz"]
[Site "Internet ICC"]
[Date "2000.03.05"]
[Round "5"]
[White "Orlov,G"]
[Black "Montero Martinez,C"]
[Result "0-1"]
[WhiteElo "2512"]
[BlackElo "2240"]

1.d4 d5 2.c4 c6 3.Nf3 Nf6 4.Nc3 dxc4 5.a4 Bf5 6.Ne5 Nbd7 7.Nxc4 Qc7 8.g3 e5
9.dxe5 Nxe5 10.Bf4 Nfd7 11.Bg2 f6 12.O-O Be6 13.Nxe5 Nxe5 14.Qd4 Be7 15.a5 O-O
16.Bxe5 fxe5 17.Qe3 a6 18.Na4 Rad8 19.Qc3 Rd4 20.Nc5 Bf7 21.Nd3 Rfd8 22.f4 exf4
23.gxf4 Bf6 24.Ne5 Bxe5 25.fxe5 Rc4 26.Qg3 Qe7 27.Ra3 Rdd4 28.Raf3 Bd5 29.Qg5 Qe8
30.Rf8+ Qxf8 31.Rxf8+ Kxf8 32.Qd8+ Kf7 33.Qd7+ Kg6 34.Bh3 Rf4 35.Qe8+ Kh6
36.e4 Rc1+ 37.Kg2 Bxe4+ 38.Kg3 Rf3+  0-1

[Event "Oz.com qualifier blitz"]
[Site "Internet ICC"]
[Date "2000.03.05"]
[Round "7"]
[White "Borovikov,V"]
[Black "Halldorsson,Br"]
[Result "1-0"]
[WhiteElo "2472"]
[BlackElo "2243"]

1.d4 c6 2.c4 d5 3.Nf3 Nf6 4.Nc3 dxc4 5.a4 Bf5 6.Nh4 Bc8 7.e3 Nd5 8.Bxc4 Nxc3
9.bxc3 e5 10.Qh5 Qe7 11.Ba3 g6 12.Qf3 e4 13.Qf4 g5 14.Bxe7 gxf4 15.Bxf8 Rxf8
16.exf4 f5 17.g3 Nd7 18.Ng2 Nb6 19.Bb3 Ke7 20.a5 Nd5 21.Bxd5 cxd5 22.Ne3 Be6
23.Kd2 Rfc8 24.Rhb1 Rc7 25.Rb5 Kd6 26.Rab1 Rb8 27.h3 h5 28.h4 Rd7 29.c4 dxc4
30.Kc3 Rf7 31.d5 Bc8 32.Nxc4+ Ke7 33.Kd4 Kf6 34.Rc5 Bd7 35.Ne5 Rg7 36.Rc7 Be8
37.Rbc1 Rxc7 38.Rxc7 a6 39.Kc5 b5 40.axb6 a5 41.Ra7 Rc8+ 42.Nc6  1-0

[Event "55th ch-YUG"]
[Site "Subotica YUG"]
[Date "2000.03.16"]
[Round "1"]
[White "Antic,D"]
[Black "Ivanisevic,I"]
[Result "1/2-1/2"]
[WhiteElo "2491"]
[BlackElo "2460"]

1.d4 d5 2.c4 c6 3.Nf3 Nf6 4.Nc3 dxc4 5.a4 Bf5 6.e3 e6 7.Bxc4 Nbd7 8.O-O Bb4
9.Qe2 Bg4 10.h3 Bxf3 11.Qxf3 O-O 12.Rd1 Rc8 13.e4 e5 14.dxe5 Nxe5 15.Qf5 Qa5
16.Ba2 Rcd8 17.Bg5 Ned7 18.Qxa5 Bxa5 19.f4 Nc5 20.e5 Rxd1+ 21.Rxd1 Bxc3 22.bxc3 Nfe4
23.Be7 Re8 24.Rd4 g5 25.Bxc5 Nxc5 26.g3 gxf4 27.gxf4 Kg7 28.Bb1 f6 29.exf6+ Kxf6
30.Kf2 h5 31.Bc2 Ne6 32.Re4 Nc7 33.Kf3 Rxe4 34.Kxe4 Ne6 35.h4 Ng7 36.Bd1 Nf5
37.a5 b5 38.axb6 axb6 39.Bf3 Ng3+ 40.Ke3 c5 41.Kf2  1/2-1/2

[Event "NED-chT"]
[Site "Leeuwarden NED"]
[Date "2000.03.19"]
[Round "6"]
[White "Peng Zhaoqin"]
[Black "Diepeveen,V"]
[Result "0-1"]
[WhiteElo "2403"]
[BlackElo "2254"]

1.d4 d5 2.c4 c6 3.Nc3 Nf6 4.Nf3 dxc4 5.a4 Bf5 6.Nh4 e6 7.Nxf5 exf5 8.e3 Bb4
9.Bxc4 O-O 10.Bd2 Qe7 11.h3 c5 12.O-O Rd8 13.d5 Nbd7 14.Qb3 Nb6 15.Rfd1 a5
16.Be1 Rd7 17.Rd3 Ne8 18.Bb5 Rdd8 19.Qd1 Nd6 20.Qf3 g6 21.Rc1 Ne4 22.Qd1 c4
23.Rd4 Nd6 24.Qf3 Rac8 25.Rcd1 Rc5 26.Qf4 Na8 27.e4 Bxc3 28.Bxc3 fxe4 29.Bxa5 Nc7
30.Bb4 Ncxb5 31.Bxc5 Nxd4 32.Bxd4 Nf5 33.Bc3 e3 34.g4  0-1

[Event "Extraliga CZE"]
[Site "Ostrava CZE"]
[Date "2000.03.19"]
[Round "11"]
[White "Mrva,M"]
[Black "Cvek,R"]
[Result "1/2-1/2"]
[WhiteElo "2441"]
[BlackElo "2444"]

1.d4 d5 2.Nf3 c6 3.c4 Nf6 4.Nc3 dxc4 5.a4 Bf5 6.e3 e6 7.Bxc4 Bb4 8.O-O O-O
9.Ne2 Nbd7 10.Ng3 a5 11.Bb3 Qe7 12.Bd2 Bg4 13.Bc3 Nd5 14.Qd2 Rfd8 15.Ne1 e5
16.Bxd5 cxd5 17.Bxb4 axb4 18.Nd3 exd4 19.exd4 b3 20.Rfe1 Qf6 21.Qb4 h5 22.Ne5 Nxe5
23.Rxe5 h4 24.Nf1 h3 25.Qxb3 hxg2 26.Ne3 Be6 27.Nxg2 Rac8 28.Qd1 Qg6 29.Re3 Rc4
30.Rc1 Qf6 31.Re5 Rxc1 32.Qxc1 Rc8 33.Qd1 Qg6 34.Re3 Rc2 35.Rg3 Qf5 36.Rf3 Qg6
37.Rg3 Qf5 38.Rf3 Qg6 39.Rg3  1/2-1/2

[Event "Amber Rapidplay"]
[Site "Monaco MNC"]
[Date "2000.03.24"]
[Round "8"]
[White "Piket,Je"]
[Black "Shirov,A"]
[Result "1/2-1/2"]
[WhiteElo "2633"]
[BlackElo "2751"]

1.d4 d5 2.c4 c6 3.Nf3 Nf6 4.Nc3 dxc4 5.a4 Bf5 6.e3 e6 7.Bxc4 Nbd7 8.O-O Bb4
9.Qe2 Bg6 10.e4 O-O 11.Bd3 h6 12.Rd1 Qe7 13.h3 e5 14.dxe5 Nxe5 15.Nxe5 Qxe5
16.f4 Qc7 17.e5 Bxc3 18.bxc3 Nd5 19.Ra3 Bxd3 20.Rxd3 Rad8 21.c4 Ne7 22.Be3 c5
23.Bf2 b6 24.a5 Rxd3 25.axb6 axb6 26.Qxd3 Rd8 27.Qe4 Qc6 28.Qxc6 Nxc6 29.Ra6 Rd1+
30.Kh2 Rb1 31.e6 fxe6 32.Bxc5 Na5 33.Ra8+ Kh7 34.Bd4 Nc6 35.Ba1 Rc1 36.Ra6 Rxc4
37.Rxb6 Kg6 38.Rb7 Nd4 39.Re7 h5 40.Bxd4 Rxd4 41.Rxe6+ Kf5 42.Re5+ Kxf4 43.Rxh5 g5
44.Rh8 Kf5  1/2-1/2

[Event "It"]
[Site "Tel Aviv ISR"]
[Date "2000.03.27"]
[Round "7"]
[White "Gershon,A"]
[Black "Postny,E"]
[Result "1-0"]
[WhiteElo "2471"]
[BlackElo "2424"]

1.d4 d5 2.c4 c6 3.Nc3 Nf6 4.Nf3 dxc4 5.a4 Bf5 6.Ne5 Nbd7 7.Nxc4 Qc7 8.g3 e5
9.dxe5 Nxe5 10.Bf4 Nfd7 11.Bg2 f6 12.O-O Nc5 13.Ne3 Be6 14.b4 Rd8 15.Qc2 Na6
16.b5 Nb4 17.Qe4 Bc5 18.bxc6 bxc6 19.Rac1 O-O 20.Nc4 Rd4 21.Bxe5 Rxe4 22.Bxc7 Rxc4
23.Ne4 Be7 24.a5 Rxc1 25.Rxc1 Bd5 26.Bf4 Rd8 27.Be3 f5 28.Nc5 Bxg2 29.Kxg2 Rb8
30.Nd3 Rb5 31.Nxb4 Bxb4 32.a6 c5 33.Rd1 c4 34.Rd8+ Bf8 35.Ra8 Ra5 36.Rxa7 c3
37.Ra8 c2 38.a7 Kf7 39.Rc8 Bc5 40.Rxc5 Rxc5 41.a8=Q  1-0

[Event "ch-LTU"]
[Site "Vilnius LTU"]
[Date "2000.03.28"]
[Round "4"]
[White "Linauskas,D"]
[Black "Pavlovicius,V"]
[Result "0-1"]
[WhiteElo "2323"]
[BlackElo "2277"]

1.d4 d5 2.c4 c6 3.Nf3 Nf6 4.Nc3 dxc4 5.a4 Bf5 6.e3 Na6 7.Bxc4 Nb4 8.O-O e6
9.a5 Be7 10.Qe2 b5 11.axb6 axb6 12.Rxa8 Qxa8 13.Ne5 O-O 14.e4 Bg6 15.Nxg6 hxg6
16.e5 Nfd5 17.Ne4 Qa4 18.Qd1 Ra8 19.Bb3 Qa6 20.Bg5 Kf8 21.Be3 Qd3 22.Qxd3 Nxd3
23.Rb1 Nxb2 24.Kf1 Nxe3+ 25.fxe3 Nd3 26.Ke2 Nb4 27.Nd6 c5 28.Nc4 Nd5 29.Kf3 b5
30.Nd6 c4 31.Bc2 Nc3 32.Rc1 Bxd6 33.exd6 Rd8 34.Bxg6 fxg6 35.Rxc3 Rxd6 36.Rc1 Rc6
37.Ke2 b4 38.Kd2 Kf7 39.Rb1 Rb6 40.Rc1 c3+ 41.Kc2 e5 42.Kb3 Ke6 43.Kc4 Kd6
44.Ra1 exd4 45.exd4 c2 46.Kb3 Rc6 47.Rc1 Kd5 48.Rxc2 Rxc2 49.Kxc2 Kxd4 50.Kb3 Ke3
51.Kxb4 Kf2 52.Kc4 Kxg2 53.Kd4 Kxh2 54.Ke4 Kg3  0-1

[Event "Val Zemitis IM"]
[Site "San Francisco USA"]
[Date "2000.04.09"]
[Round "4"]
[White "Ilic,Z1"]
[Black "Rey,G"]
[Result "1/2-1/2"]
[WhiteElo "2381"]
[BlackElo "2359"]

1.d4 d5 2.Nf3 Nf6 3.c4 c6 4.Nc3 dxc4 5.a4 Bf5 6.e3 e6 7.Bxc4 Bb4 8.O-O O-O
9.Qe2 Bg6 10.Ne5 Nbd7 11.Nxg6 hxg6 12.Rd1 Qa5 13.Qc2 Rac8 14.Na2 Bd6 15.b4 Qh5
16.f4 g5 17.Be2 Qh6 18.g3 Nd5 19.e4 Nxb4 20.Nxb4 Bxb4 21.fxg5 Qh3 22.Rb1 a5
23.Bf1 Qg4 24.Be2 Qh3  1/2-1/2